00668nam a2200181Ia 4500003000900000008004100009040001600050080001700066100003300083245011800116260003400234300001000268650004100278650002700319942000700346999001500353952011800368IN-BaIIA211028s9999 xx 000 0 eng d cIIA Library a52(091)bVAU aDe Vaucouleurs, Gerard91262 0aDiscovery of the universeban outline of the history of astronomy from the origins to 1956cGerard De Vaucouleurs aLondonbFaber and Faberc1956 a328p. aAstronomy and Astrophysics Thesaurus aAstronomy-History9900 cBK c1685d1685 00104070aBANbBANcGENd0000-00-00g20.00l0o52(091)/ VAUp1848r2021-11-05v20.00w0000-00-00yBKGRs. 20.00